000 00375nam a2200169Ia 4500
001 3489
003 IN-NITTTR
005 20251114232948.0
008 251113s9999||||xx |||||||||||||| ||eng||
040 _beng
040 _cIN-NITTTR
041 _aeng
082 _a604.24 S37D
100 _aSegel, Yonny
245 0 _aDrafting made simple /
_cSegel, Yonny
942 _2ddc
_cBK
999 _c5816
_d5816